South outpaces North (Record no. 117850)
[ view plain ]
| 000 -LEADER | |
|---|---|
| fixed length control field | 01251cam a2200241 4500 |
| 001 - CONTROL NUMBER | |
| control field | WB4031-08 |
| 008 - FIXED-LENGTH DATA ELEMENTS--GENERAL INFORMATION | |
| fixed length control field | 040812n2004 000 0 eng u |
| 035 ## - SYSTEM CONTROL NUMBER | |
| System control number | (Sirsi) u127062 |
| 245 ## - TITLE STATEMENT | |
| Title | South outpaces North |
| 260 ## - PUBLICATION, DISTRIBUTION, ETC. | |
| Date of publication, distribution, etc. | 2004 |
| 490 ## - SERIES STATEMENT | |
| Series statement | Experian News Release |
| Volume/sequential designation | 9 August 2004 (6) |
| 520 ## - SUMMARY, ETC. | |
| Summary, etc. | The UK economy is one of the most divided in Europe, with southern England outpacing the north and Midlands, both in terms of GDP and employment growth, according to latest EU regional economic estimates by Experian. Berkshire, Buckinghamshire and Oxfordshire was the fastest growing region in the UK for GDP between 1998 and 2003, with annual average growth topping 4.4%. Among the poorest UK regions for GDP during the period were Tees Valley and Durham. Inner London achieved the fastest rate of job creation of all UK regions between 1998 and 2003, while the north and Midlands have mostly seen employment levels shrinking. http://www.statistics.gov.uk/pdfdir/ectrd0804.pdf. |
| 590 ## - LOCAL NOTE (RLIN) | |
| Local note | WB |
| 590 ## - LOCAL NOTE (RLIN) | |
| Local note | WB |
| 650 ## - SUBJECT ADDED ENTRY--TOPICAL TERM | |
| Topical term or geographic name entry element | NORTH-SOUTH DIVIDE |
| 650 ## - SUBJECT ADDED ENTRY--TOPICAL TERM | |
| Topical term or geographic name entry element | REGIONAL ECONOMIC PROSPECTS |
| 650 ## - SUBJECT ADDED ENTRY--TOPICAL TERM | |
| Topical term or geographic name entry element | EUROPE |
| 650 ## - SUBJECT ADDED ENTRY--TOPICAL TERM | |
| Topical term or geographic name entry element | GDP |
| 650 ## - SUBJECT ADDED ENTRY--TOPICAL TERM | |
| Topical term or geographic name entry element | EMPLOYMENT LEVELS |
| 650 ## - SUBJECT ADDED ENTRY--TOPICAL TERM | |
| Topical term or geographic name entry element | ECONOMIC GROWTH |
| 690 ## - LOCAL SUBJECT ADDED ENTRY--TOPICAL TERM (OCLC, RLIN) | |
| Topical term or geographic name as entry element | ECONOMIC ISSUES |
| 942 ## - ADDED ENTRY ELEMENTS (KOHA) | |
| Suppress in OPAC | 0 |
| Withdrawn status | Lost status | Source of classification or shelving scheme | Damaged status | Not for loan | Home library | Current library | Shelving location | Date acquired | Total Checkouts | Full call number | Barcode | Date last seen | Copy number | Price effective from | Koha item type |
|---|---|---|---|---|---|---|---|---|---|---|---|---|---|---|---|
| Dewey Decimal Classification | London | London | News article | 12/08/2004 | WB4031-08 | 127062-1001 | 06/08/2019 | 1 | 06/08/2019 | News article |